[Event "Olympiad-44"]
[Site "Chennai"]
[Date "2022.07.30"]
[Round "2.2"]
[White "Belzo, Krzysztof"]
[Black "Kourakoumba, Florent"]
[Result "1-0"]
[WhiteElo "2080"]
[BlackElo "1677"]
[PlyCount "85"]
[EventDate "2022.07.29"]
[EventType "team-swiss"]
[EventRounds "11"]
[EventCountry "IND"]
[SourceTitle "CBM 210"]
[Source "ChessBase"]
[SourceDate "2022.10.31"]
[SourceVersion "1"]
[SourceVersionDate "2022.10.31"]
[SourceQuality "1"]
[WhiteTeam "Jersey"]
[BlackTeam "Central African Republic"]
[WhiteTeamCountry "GCI"]
[BlackTeamCountry "CAR"]

1. c4 e5 2. Nc3 Nf6 3. g3 Be7 4. Bg2 c6 5. d4 exd4 6. Qxd4 0-0 7. Nf3 h6 8. 0-0 Na6 9. e4 d6 10. Bf4 Nb4 11. Rad1 c5 12. Qd2 Ne8 13. a3 Nc6 14. Nb5 a6 15. Nxd6 Nxd6 16. Bxd6 Bxd6 17. Qxd6 Qxd6 18. Rxd6 Be6 19. b3 Rad8 20. Rfd1 Rxd6 21. Rxd6 Rd8 22. e5 Rxd6 23. exd6 Kf8 24. Nd2 Ke8 25. Ne4 b6 26. Nxc5 bxc5 27. Bxc6+ Bd7 28. Bd5 a5 29. f4 Bf5 30. Bc6+ Kd8 31. Kf2 Bc2 32. Ba4 f6 33. Ke3 Bf5 34. Kd2 g6 35. Kc3 g5 36. b4 axb4+ 37. axb4 cxb4+ 38. Kxb4 h5 39. c5 Be4 40. c6 Bf5 41. Kc5 h4 42. Bb5 Bc8 43. c7# 1-0

[Event "EU Small Countries ol 7th"]
[Site "Sliema"]
[Date "2021.12.04"]
[Round "9.3"]
[White "Belzo, Krzysztof"]
[Black "Darmanin, Jake"]
[Result "1-0"]
[WhiteElo "2069"]
[BlackElo "2106"]
[PlyCount "87"]
[EventDate "2021.11.28"]
[EventType "team-tourn"]
[EventRounds "9"]
[EventCountry "MLT"]
[SourceTitle "EXT 2023"]
[Source "ChessBase"]
[SourceDate "2022.10.05"]
[SourceVersion "1"]
[SourceVersionDate "2022.10.05"]
[SourceQuality "1"]
[WhiteTeam "Jersey"]
[BlackTeam "Malta"]
[WhiteTeamCountry "GCI"]
[BlackTeamCountry "MLT"]

1. d4 Nf6 2. Bf4 e6 3. e3 b6 4. Nf3 Bb7 5. Bd3 c5 6. 0-0 Nh5 7. Bg3 Nc6 8. Nc3 Be7 9. d5 Nb4 10. e4 exd5 11. exd5 0-0 12. Bc4 Nxg3 13. hxg3 d6 14. a3 Na6 15. Re1 Nc7 16. Qd3 a6 17. a4 Re8 18. Rab1 Bc8 19. b4 Bf8 20. bxc5 bxc5 21. a5 g6 22. Rb6 Bf5 23. Qd2 Ra7 24. Rxe8 Qxe8 25. Nh4 Bc8 26. Qe2 Qd8 27. Rb8 Rb7 28. Rxb7 Bxb7 29. Nf3 Bg7 30. Na4 Bf6 31. Qd3 Kf8 32. Qb3 Nb5 33. Bxb5 axb5 34. Qxb5 Bxd5 35. a6 Qc7 36. Nb6 Bc6 37. Qb3 Qa7 38. Nc8 Qc7 39. a7 Bd8 40. Qb8 Bb7 41. Nxd6 Bc6 42. Nb5 Qb6 43. Ne5 Be4 44. Nd7+ 1-0

[Event "EU Small Countries ol 7th"]
[Site "Sliema"]
[Date "2021.12.02"]
[Round "7.4"]
[White "Belzo, Krzysztof"]
[Black "De la Riva Aguado, Oscar"]
[Result "1/2-1/2"]
[WhiteElo "2069"]
[BlackElo "2466"]
[PlyCount "32"]
[EventDate "2021.11.28"]
[EventType "team-tourn"]
[EventRounds "9"]
[EventCountry "MLT"]
[SourceTitle "CBM 205 Extra"]
[Source "ChessBase"]
[SourceDate "2022.01.31"]
[SourceVersion "1"]
[SourceVersionDate "2022.01.31"]
[SourceQuality "1"]
[WhiteTeam "Jersey"]
[BlackTeam "Andorra"]
[WhiteTeamCountry "GCI"]
[BlackTeamCountry "AND"]

1. d4 Nf6 2. Bg5 g6 3. Nc3 Bg7 4. Qd2 d6 5. e4 c6 6. Bh6 0-0 7. Be2 e5 8. Bxg7 Kxg7 9. dxe5 dxe5 10. Qxd8 Rxd8 11. Nf3 Nbd7 12. 0-0 Nc5 13. Rfd1 Bg4 14. Nxe5 Bxe2 15. Nxe2 Re8 16. Nd3 Nfxe4 1/2-1/2

[Event "Olympiad-43"]
[Site "Batumi"]
[Date "2018.10.05"]
[Round "11.1"]
[White "Hemam, Moulaye Brahim"]
[Black "Belzo, Krzysztof"]
[Result "0-1"]
[WhiteElo "2018"]
[BlackElo "2057"]
[PlyCount "112"]
[EventDate "2018.09.24"]
[EventType "team-swiss"]
[EventRounds "11"]
[EventCountry "GEO"]
[SourceTitle "CBM 187"]
[Source "ChessBase"]
[SourceDate "2018.12.11"]
[SourceVersion "1"]
[SourceVersionDate "2018.12.11"]
[SourceQuality "1"]
[WhiteTeam "Mauritania"]
[BlackTeam "Jersey"]
[WhiteTeamCountry "MAU"]
[BlackTeamCountry "GCI"]

1. d4 g6 2. Nf3 Bg7 3. g3 c5 4. c4 cxd4 5. Nxd4 Nc6 6. Nb3 d6 7. Bg2 Be6 8. N1d2 Qd7 9. c5 d5 10. Nf3 Nf6 11. Nbd4 Ne4 12. Nxe6 Qxe6 13. 0-0 0-0 14. Ng5 Nxg5 15. Bxg5 Rfd8 16. Qd2 Rd7 17. Rad1 Rad8 18. Rfe1 a5 19. a3 Qe5 20. b4 axb4 21. axb4 Qb2 22. Qxb2 Bxb2 23. Bd2 Ne5 24. Rb1 Nc4 25. Bc1 Bc3 26. Rd1 e6 27. Bf1 f5 28. Bg5 Ra8 29. e4 Ne5 30. Bb5 Rf7 31. Bf4 fxe4 32. Rb3 Nf3+ 33. Kg2 Be5 34. Bh6 Ra2 35. Bf1 Nd4 36. Bf4 Bxf4 37. Rxd4 Be5 38. Rd1 Rfxf2+ 39. Kg1 Rxh2 40. b5 Rhb2 41. Rxb2 Rxb2 42. c6 bxc6 43. bxc6 Rc2 44. Bb5 Bxg3 45. Ra1 h5 46. Ba4 Rc4 47. Kg2 Be5 48. Ra2 Kg7 49. Bb5 Rc5 50. Ba4 g5 51. Rc2 Rxc2+ 52. Bxc2 Kf6 53. Kh3 Kf5 54. Bd1 g4+ 55. Kh4 Kf4 56. Be2 Bc7 0-1

[Event "Olympiad-43"]
[Site "Batumi"]
[Date "2018.10.04"]
[Round "10.1"]
[White "Belzo, Krzysztof"]
[Black "Montel, Cyril Tomas Jr"]
[Result "1-0"]
[WhiteElo "2057"]
[BlackElo "1882"]
[PlyCount "67"]
[EventDate "2018.09.24"]
[EventType "team-swiss"]
[EventRounds "11"]
[EventCountry "GEO"]
[SourceTitle "CBM 187"]
[Source "ChessBase"]
[SourceDate "2018.12.11"]
[SourceVersion "1"]
[SourceVersionDate "2018.12.11"]
[SourceQuality "1"]
[WhiteTeam "Jersey"]
[BlackTeam "Palau"]
[WhiteTeamCountry "GCI"]
[BlackTeamCountry "PAL"]

1. c4 e5 2. Nc3 Nf6 3. g3 Nc6 4. Bg2 Bb4 5. e4 d6 6. Nge2 Be6 7. Nd5 Bc5 8. d3 h6 9. Be3 Bxe3 10. Nxe3 Ng4 11. Nd5 f5 12. d4 0-0 13. h3 Nf6 14. Nxf6+ Qxf6 15. d5 fxe4 16. 0-0 Bxh3 17. Bxh3 Ne7 18. Nc3 Qg6 19. Qg4 h5 20. Qxg6 Nxg6 21. Nxe4 h4 22. Kg2 Kh8 23. Be6 Ne7 24. Rh1 Ng6 25. Rh3 Rae8 26. Ng5 Re7 27. Rah1 Rxe6 28. Nxe6 Rf7 29. gxh4 c6 30. h5 Ne7 31. Rf3 Rxf3 32. Kxf3 cxd5 33. cxd5 Nxd5 34. Ng5 1-0

[Event "Olympiad-43"]
[Site "Batumi"]
[Date "2018.09.24"]
[Round "1.62"]
[White "Ynojosa Aponte, Felix Jose"]
[Black "Belzo, Krzysztof"]
[Result "1-0"]
[WhiteElo "2370"]
[BlackElo "2057"]
[PlyCount "145"]
[EventDate "2018.09.24"]
[EventType "team-swiss"]
[EventRounds "11"]
[EventCountry "GEO"]
[SourceTitle "CBM 187"]
[Source "ChessBase"]
[SourceDate "2018.12.11"]
[SourceVersion "1"]
[SourceVersionDate "2018.12.11"]
[SourceQuality "1"]
[WhiteTeam "Venezuela"]
[BlackTeam "Jersey"]
[WhiteTeamCountry "VEN"]
[BlackTeamCountry "GCI"]

1. c4 c5 2. Nc3 Nc6 3. e3 Nf6 4. Nf3 g6 5. d4 cxd4 6. exd4 d5 7. cxd5 Nxd5 8. Qb3 Nxc3 9. Bc4 e6 10. bxc3 Bg7 11. Ba3 Ne7 12. 0-0 0-0 13. Rad1 Re8 14. Rfe1 Rb8 15. Bxe7 Rxe7 16. d5 exd5 17. Bxd5 Bd7 18. Rxe7 Qxe7 19. Bxf7+ Qxf7 20. Qxf7+ Kxf7 21. Rxd7+ Kg8 22. c4 Rc8 23. g3 Rxc4 24. Ng5 Rc6 25. Rd8+ Bf8 26. Nxh7 Kxh7 27. Rxf8 Ra6 28. Rf7+ Kg8 29. Rxb7 Rxa2 30. h4 a5 31. Kg2 a4 32. Kf3 a3 33. Ra7 Kf8 34. Ke3 Ke8 35. f3 Rg2 36. Kf4 a2 37. g4 Rf2 38. Kg5 Rxf3 39. Rxa2 Rh3 40. Ra6 Kf7 41. Rf6+ Kg7 42. Rxg6+ Kf7 43. Ra6 Rb3 44. Ra7+ Kg8 45. Ra5 Rb6 46. h5 Kg7 47. h6+ Kh7 48. Ra7+ Kg8 49. Kh5 Rb5+ 50. g5 Rc5 51. Re7 Ra5 52. Kg6 Ra6+ 53. Kf5 Ra1 54. g6 Rf1+ 55. Ke6 Re1+ 56. Kd6 Rd1+ 57. Kc7 Rc1+ 58. Kd8 Rd1+ 59. Kc7 Rc1+ 60. Kb6 Rb1+ 61. Kc5 Rc1+ 62. Kd4 Rd1+ 63. Kc3 Rc1+ 64. Kd2 Rc8 65. Kd3 Rd8+ 66. Ke4 Ra8 67. Kf5 Ra5+ 68. Re5 Ra8 69. Kg5 Rb8 70. h7+ Kg7 71. Re7+ Kh8 72. Kh6 Ra8 73. g7# 1-0

[Event "Klaksvik ESNA 3rd"]
[Site "Klaksvik"]
[Date "2018.04.14"]
[Round "1"]
[White "Belzo, Krzysztof"]
[Black "Berend, Fred"]
[Result "1/2-1/2"]
[WhiteElo "2103"]
[BlackElo "2357"]
[PlyCount "128"]
[EventDate "2018.04.14"]
[EventType "tourn"]
[EventRounds "9"]
[EventCountry "FAI"]
[SourceTitle "CBM 184 Extra"]
[Source "ChessBase"]
[SourceDate "2018.06.28"]
[SourceVersion "1"]
[SourceVersionDate "2018.06.28"]
[SourceQuality "1"]

1. d4 Nf6 2. Nf3 e6 3. g3 d5 4. Bg2 b5 5. 0-0 Nbd7 6. Ne5 Bb7 7. c4 bxc4 8. Nxc4 Rb8 9. Na5 Ba8 10. Nb3 Bd6 11. Nc3 0-0 12. Re1 c5 13. e4 dxe4 14. Nxe4 Bxe4 15. Bxe4 c4 16. Nd2 Qc7 17. Qc2 Rfc8 18. Nb1 Qb6 19. Rd1 Nxe4 20. Qxe4 Nf6 21. Qe2 Bb4 22. Bd2 Nd5 23. Nc3 Bxc3 24. Bxc3 h6 25. Rdc1 Rc6 26. Rc2 Qa6 27. Bd2 Qa4 28. Bc3 Rbc8 29. h3 Qa6 30. Kh2 Qb7 31. Bd2 Qb6 32. Bc3 Qd8 33. Rac1 Qf6 34. Kg2 Qd8 35. Kh2 Qd6 36. Bd2 Nb6 37. Bc3 Qd5 38. Qd2 Nd7 39. Bb4 Nf6 40. Qe3 Qh5 41. Qe2 Qxe2 42. Rxe2 Ra6 43. a3 Nd5 44. Bc5 Ra4 45. Kg2 Rb8 46. Rec2 Rb3 47. Rxc4 Rxc4 48. Rxc4 Rxb2 49. Ra4 Nc3 50. Rxa7 Ne4 51. a4 Rxf2+ 52. Kg1 Rc2 53. a5 Rc1+ 54. Kg2 Rc2+ 55. Kg1 Nxc5 56. Rc7 Ra2 57. Rxc5 Kf8 58. d5 Ke7 59. Rc7+ Kf6 60. dxe6 Kxe6 61. Ra7 h5 62. a6 g5 63. Ra8 Kf5 64. a7 h4 1/2-1/2

[Event "Jersey op"]
[Site "St Clement Bay"]
[Date "2018.04.07"]
[Round "9.16"]
[White "Spanton, Timothy"]
[Black "Belzo, Krzysztof"]
[Result "1/2-1/2"]
[WhiteElo "1851"]
[BlackElo "2103"]
[PlyCount "97"]
[EventDate "2018.03.31"]
[EventType "swiss"]
[EventRounds "9"]
[EventCountry "GCI"]
[SourceTitle "CBM 183 Extra"]
[Source "ChessBase"]
[SourceDate "2018.04.19"]
[SourceVersion "1"]
[SourceVersionDate "2018.04.19"]
[SourceQuality "1"]

1. Nf3 c5 2. c4 Nf6 3. Nc3 d5 4. d4 cxd4 5. Nxd4 Nc6 6. cxd5 Nxd5 7. Nxc6 bxc6 8. e4 Nxc3 9. Qxd8+ Kxd8 10. bxc3 e5 11. Bc4 Bc5 12. 0-0 Ke7 13. Rb1 Bd7 14. Bd2 Rab8 15. Rb3 Be6 16. Bxe6 Kxe6 17. Rfb1 Rxb3 18. axb3 Rd8 19. Be1 f5 20. exf5+ Kxf5 21. Kf1 g5 22. Ke2 g4 23. Rd1 Rd5 24. Rd3 e4 25. Rd2 h5 26. c4 Rd6 27. Rxd6 Bxd6 28. g3 Be7 29. Bd2 h4 30. Be3 a6 31. Bd4 h3 32. Kd2 Bb4+ 33. Ke2 Ba5 34. Ke3 Bc7 35. Ke2 Bd8 36. Ke3 Bg5+ 37. Ke2 Be7 38. Ke3 c5 39. Bc3 Bg5+ 40. Ke2 Bf6 41. Bd2 Bg5 42. Be3 Bxe3 43. fxe3 Ke5 44. Kd2 Kd6 45. Kc3 Kc6 46. Kb2 Kb6 47. Ka2 Ka5 48. Ka3 Kb6 49. Kb2 1/2-1/2

[Event "Jersey op"]
[Site "St Clement Bay"]
[Date "2018.04.06"]
[Round "8.13"]
[White "Belzo, Krzysztof"]
[Black "Pitcher, Thomas"]
[Result "0-1"]
[WhiteElo "2103"]
[BlackElo "1910"]
[PlyCount "108"]
[EventDate "2018.03.31"]
[EventType "swiss"]
[EventRounds "9"]
[EventCountry "GCI"]
[SourceTitle "CBM 183 Extra"]
[Source "ChessBase"]
[SourceDate "2018.04.19"]
[SourceVersion "1"]
[SourceVersionDate "2018.04.19"]
[SourceQuality "1"]

1. c4 e6 2. g3 f5 3. Bg2 Nf6 4. Nc3 Bb4 5. Nf3 0-0 6. 0-0 Nc6 7. Qc2 d6 8. d4 Bd7 9. d5 exd5 10. Nxd5 Ne4 11. Nxb4 Nxb4 12. Qb3 a5 13. c5+ d5 14. Be3 Qe8 15. a4 Be6 16. Ng5 c6 17. Nxe6 Qxe6 18. Rfe1 Rfe8 19. f3 Nxg3 20. Kf2 Qxe3+ 21. Qxe3 Rxe3 22. Kxe3 Nc2+ 23. Kf2 Nxa1 24. Rxa1 Nh5 25. Ra3 Re8 26. e3 Kf7 27. b4 axb4 28. Rb3 Ra8 29. Rxb4 Ra7 30. e4 Nf6 31. Ke3 dxe4 32. fxe4 fxe4 33. Bxe4 Ke6 34. Kd4 g6 35. Bg2 g5 36. Bf1 h5 37. Bc4+ Kf5 38. h3 Kf4 39. Be6 g4 40. hxg4 hxg4 41. Bc8 Nd5 42. Rc4 g3 43. Bh3 Ne3 44. Rc1 Rxa4+ 45. Kd3 Rb4 46. Rg1 Rb5 47. Bc8 g2 48. Ke2 Rb2+ 49. Kd3 Rb3+ 50. Kd2 Kf3 51. Be6 Rb2+ 52. Kc3 Rc2+ 53. Kd3 Rxc5 54. Bc8 Kf2 0-1

[Event "Jersey op"]
[Site "St Clement Bay"]
[Date "2018.04.01"]
[Round "2.11"]
[White "Bryant, Richard BE"]
[Black "Belzo, Krzysztof"]
[Result "1/2-1/2"]
[WhiteElo "1932"]
[BlackElo "2103"]
[PlyCount "88"]
[EventDate "2018.03.31"]
[EventType "swiss"]
[EventRounds "9"]
[EventCountry "GCI"]
[SourceTitle "CBM 183 Extra"]
[Source "ChessBase"]
[SourceDate "2018.04.19"]
[SourceVersion "1"]
[SourceVersionDate "2018.04.19"]
[SourceQuality "1"]

1. e4 c5 2. Nc3 e6 3. f4 Nc6 4. Nf3 g6 5. Bb5 Nd4 6. Bd3 Bg7 7. Nxd4 cxd4 8. Nb5 d6 9. c3 Qb6 10. Nxd4 e5 11. fxe5 dxe5 12. Nf3 Ne7 13. Qb3 Qc7 14. Ng5 0-0 15. 0-0 Nc6 16. Nxf7 Be6 17. Qxe6 Rxf7 18. Qxf7+ Qxf7 19. Rxf7 Kxf7 20. Bc4+ Ke7 21. d3 Nd8 22. Be3 Ne6 23. Rf1 b6 24. Bd5 Rc8 25. g3 Bf6 26. Bc4 Nc5 27. Kg2 Rd8 28. Bxc5+ bxc5 29. g4 Rf8 30. b4 cxb4 31. cxb4 Bh4 32. Rxf8 Kxf8 33. Kf1 h6 34. a4 Ke7 35. b5 Bg5 36. Ke2 Kd7 37. Bf7 Bf4 38. h3 g5 39. a5 Kc7 40. Kd1 Bg3 41. Kc2 Be1 42. a6 Bf2 43. Kb3 Kd6 44. Kc4 Bb6 1/2-1/2

[Event "EU Small Countries ol 5th"]
[Site "Andorra"]
[Date "2017.11.17"]
[Round "8.3"]
[White "Belzo, Krzysztof"]
[Black "Berend, Fred"]
[Result "0-1"]
[WhiteElo "2077"]
[BlackElo "2371"]
[PlyCount "126"]
[EventDate "2017.11.12"]
[EventType "team-tourn"]
[EventRounds "9"]
[EventCountry "AND"]
[SourceTitle "CBM 181 Extra"]
[Source "ChessBase"]
[SourceDate "2017.12.12"]
[SourceVersion "1"]
[SourceVersionDate "2017.12.12"]
[SourceQuality "1"]
[WhiteTeam "Jersey"]
[BlackTeam "Luxembourg"]
[WhiteTeamCountry "GCI"]
[BlackTeamCountry "LUX"]

1. c4 e5 2. g3 Nf6 3. Bg2 c6 4. d4 Bb4+ 5. Bd2 Bxd2+ 6. Qxd2 d6 7. Nc3 0-0 8. Nf3 Qe7 9. dxe5 dxe5 10. Rd1 Re8 11. 0-0 Bf5 12. Nh4 Be6 13. b3 Nbd7 14. Ne4 Nxe4 15. Bxe4 g6 16. Bg2 a5 17. Nf3 f6 18. Ne1 Red8 19. Nd3 Bf7 20. Qe3 Re8 21. h4 Kg7 22. Bh3 f5 23. h5 Nf6 24. h6+ Kh8 25. Nc5 Rab8 26. Rd2 b6 27. Na4 Ne4 28. Rd3 b5 29. cxb5 cxb5 30. Nc3 Nf6 31. Rfd1 b4 32. Na4 Qf8 33. Nb6 f4 34. gxf4 Qxh6 35. fxe5 Qxe3 36. Rxe3 Rxb6 37. exf6 Rxe3 38. fxe3 Rxf6 39. Rd8+ Kg7 40. Ra8 Rb6 41. Rxa5 Kf6 42. Kf2 h5 43. Kg3 g5 44. Rf5+ Kg6 45. Ra5 Be8 46. Bf5+ Kf6 47. e4 Bb5 48. e3 Be2 49. Ra8 Ra6 50. Rg8 h4+ 51. Kh3 Bf1+ 52. Kh2 Rxa2+ 53. Kg1 Ra1 54. Rg6+ Kf7 55. Rxg5 Bc4+ 56. Kf2 Bxb3 57. e5 Bd1 58. Bd3 Rc1 59. Ke1 b3 60. Kd2 b2 61. Rg1 Bf3 62. Rxc1 bxc1Q+ 63. Kxc1 h3 0-1

[Event "Jersey op"]
[Site "St Clement Bay"]
[Date "2017.04.03"]
[Round "4"]
[White "Hebden, Mark"]
[Black "Belzo, Krzysztof"]
[Result "1-0"]
[WhiteElo "2494"]
[BlackElo "2059"]
[PlyCount "111"]
[EventDate "2017.04.01"]
[EventType "swiss"]
[EventRounds "9"]
[EventCountry "GCI"]
[SourceTitle "CBM 177 Extra"]
[Source "ChessBase"]
[SourceDate "2017.04.27"]
[SourceVersion "1"]
[SourceVersionDate "2017.04.27"]
[SourceQuality "1"]

1. e4 c5 2. Nf3 Nc6 3. d4 cxd4 4. Nxd4 g6 5. Nc3 Bg7 6. Be3 Nf6 7. Bc4 0-0 8. Bb3 d6 9. h3 Bd7 10. 0-0 Rc8 11. Re1 a6 12. Qd2 Ne5 13. Bh6 Nc4 14. Bxc4 Rxc4 15. Bxg7 Kxg7 16. Nd5 e5 17. Nf3 Rxe4 18. Rxe4 Nxe4 19. Qb4 Ng5 20. Nxg5 Qxg5 21. h4 Qf5 22. Qxb7 Qe4 23. Qxd7 Qxd5 24. Qa4 Rc8 25. c3 Qd2 26. Qb3 Qe2 27. Rc1 Rc4 28. g3 e4 29. Qc2 Qg4 30. Qd2 Qe6 31. Rd1 Rc8 32. a3 Rb8 33. Qd4+ Kg8 34. b4 Qb3 35. Qxd6 Rc8 36. Re1 Qxc3 37. Re3 Qa1+ 38. Kg2 Rc1 39. Rxe4 Rg1+ 40. Kf3 Qxa3+ 41. Re3 Qa4 42. Rd3 Qb5 43. Qd8+ Kg7 44. Qd4+ Kg8 45. Qe4 Qb6 46. Qe8+ Kg7 47. Qe5+ Kg8 48. Rd6 Qb7+ 49. Kf4 Qc8 50. Qf6 Qc4+ 51. Rd4 Qc1+ 52. Kf3 Qc3+ 53. Kg4 Qc8+ 54. Kg5 Qc1+ 55. Rf4 Qc7 56. Kh6 1-0

[Event "Olympiad-42"]
[Site "Baku"]
[Date "2016.09.03"]
[Round "2.2"]
[White "Belzo, Krzysztof"]
[Black "Mwanyika, Geoffrey"]
[Result "1-0"]
[WhiteElo "2044"]
[BlackElo "1850"]
[PlyCount "85"]
[EventDate "2016.09.02"]
[EventType "team-swiss"]
[EventRounds "11"]
[EventCountry "AZE"]
[SourceTitle "CBM 175"]
[Source "ChessBase"]
[SourceDate "2016.11.10"]
[SourceVersion "1"]
[SourceVersionDate "2016.11.10"]
[SourceQuality "1"]
[WhiteTeam "Jersey"]
[BlackTeam "Tanzania"]
[WhiteTeamCountry "GCI"]
[BlackTeamCountry "TAN"]

1. g3 Nf6 2. Bg2 d5 3. c4 e6 4. Nf3 Be7 5. 0-0 0-0 6. d4 Nbd7 7. Nbd2 Bb4 8. a3 Bxd2 9. Nxd2 c6 10. b4 b6 11. e4 Bb7 12. Re1 dxe4 13. Nxe4 Nxe4 14. Bxe4 Nf6 15. Bg2 Qd7 16. Bg5 Ne8 17. Qb3 h6 18. Bf4 g5 19. Be3 f5 20. Rad1 Qf7 21. f4 g4 22. Qa4 Qc7 23. Bf2 Ng7 24. Re5 Rfd8 25. Ree1 Rf8 26. Re5 Rfd8 27. Qb3 Rd7 28. a4 Rad8 29. Ra1 a6 30. Rae1 Kh7 31. Qc2 Rf7 32. a5 b5 33. d5 cxd5 34. Bb6 Qd7 35. Bxd8 Qxd8 36. cxd5 Bxd5 37. Bxd5 exd5 38. Qc5 Rd7 39. Re7 d4 40. Rxd7 Qxd7 41. Re7 Qd8 42. Qxf5+ Kg8 43. Qf7+ 1-0

[Event "Olympiad-42"]
[Site "Baku"]
[Date "2016.09.02"]
[Round "1.2"]
[White "Torre, Eugenio"]
[Black "Belzo, Krzysztof"]
[Result "1-0"]
[WhiteElo "2447"]
[BlackElo "2044"]
[PlyCount "99"]
[EventDate "2016.09.02"]
[EventType "team-swiss"]
[EventRounds "11"]
[EventCountry "AZE"]
[SourceTitle "CBM 175"]
[Source "ChessBase"]
[SourceDate "2016.11.10"]
[SourceVersion "1"]
[SourceVersionDate "2016.11.10"]
[SourceQuality "1"]
[WhiteTeam "Philippines"]
[BlackTeam "Jersey"]
[WhiteTeamCountry "PHI"]
[BlackTeamCountry "GCI"]

1. d4 Nf6 2. Nf3 d5 3. Bf4 Bf5 4. e3 e6 5. Bd3 Bg6 6. Ne5 Bd6 7. Bg5 Nbd7 8. f4 Be7 9. Nxg6 hxg6 10. Nd2 Nh5 11. Bxe7 Qxe7 12. 0-0 f5 13. Nf3 Nhf6 14. c4 c6 15. Qe1 Ne4 16. Bxe4 dxe4 17. Ng5 e5 18. Qa5 exf4 19. exf4 Nf8 20. d5 b6 21. Qc3 cxd5 22. cxd5 Qc5+ 23. Qxc5 bxc5 24. Rac1 Rc8 25. Rc3 Nd7 26. Rfc1 Rb8 27. b3 Ke7 28. Ne6 Nf6 29. Rxc5 Nxd5 30. Rxd5 Kxe6 31. Re5+ Kf6 32. Rc6+ Kf7 33. Rc7+ Kf6 34. Rxa7 Rhd8 35. h3 Rd2 36. Rc5 Rb6 37. Rcc7 e3 38. Rf7+ Ke6 39. Rfe7+ Kf6 40. Rxe3 Rb4 41. Ra6+ Kf7 42. Rf3 Re4 43. a4 Ree2 44. Rg3 Rf2 45. Raxg6 Rxf4 46. Rxg7+ Kf6 47. R3g6+ Ke5 48. Re7+ Kd4 49. Rd6+ Kc3 50. Rc7+ 1-0

[Event "Jersey op"]
[Site "St Clement Bay"]
[Date "2015.03.19"]
[Round "8"]
[White "Belzo, Krzysztof"]
[Black "Kirk, Ezra"]
[Result "0-1"]
[WhiteElo "2031"]
[BlackElo "2344"]
[PlyCount "68"]
[EventDate "2015.03.15"]
[EventType "swiss"]
[EventRounds "9"]
[EventCountry "GCI"]
[SourceTitle "CBM 165 Extra"]
[Source "ChessBase"]
[SourceDate "2015.04.21"]
[SourceVersion "1"]
[SourceVersionDate "2015.04.21"]
[SourceQuality "1"]

1. c4 Nf6 2. g3 g6 3. Bg2 Bg7 4. d4 d6 5. Nf3 0-0 6. 0-0 Nc6 7. Nc3 a6 8. h3 Bd7 9. e4 e5 10. Be3 exd4 11. Nxd4 Re8 12. Kh2 Rb8 13. Rc1 Ne5 14. b3 b5 15. cxb5 axb5 16. Qe2 b4 17. Ncb5 c5 18. Nxd6 cxd4 19. Bxd4 Re6 20. Bxe5 Rxe5 21. f4 Re7 22. Rfd1 Qa5 23. e5 Ne8 24. Qd2 Qa7 25. Rc4 Bf8 26. Rxb4 Rxb4 27. Qxb4 Nxd6 28. exd6 Re2 29. Rd2 Rxd2 30. Qxd2 Qc5 31. h4 h5 32. Be4 Qxd6 33. Qc2 Qc5 34. Qd3 Qf2+ 0-1

[Event "Jersey op"]
[Site "St Clement Bay"]
[Date "2015.03.18"]
[Round "6"]
[White "Bamber, Elaine"]
[Black "Belzo, Krzysztof"]
[Result "0-1"]
[WhiteElo "2085"]
[BlackElo "2031"]
[PlyCount "68"]
[EventDate "2015.03.15"]
[EventType "swiss"]
[EventRounds "9"]
[EventCountry "GCI"]
[SourceTitle "CBM 165 Extra"]
[Source "ChessBase"]
[SourceDate "2015.04.21"]
[SourceVersion "1"]
[SourceVersionDate "2015.04.21"]
[SourceQuality "1"]

1. e4 c5 2. Nc3 g6 3. f4 Bg7 4. Nf3 Nc6 5. Bb5 Nd4 6. 0-0 Nxb5 7. Nxb5 a6 8. Nc3 d6 9. d3 b5 10. Qe1 b4 11. Nd5 e6 12. Ne3 Ne7 13. f5 exf5 14. exf5 0-0 15. Nh4 f6 16. fxg6 hxg6 17. Qg3 Kh7 18. Nxg6 Nxg6 19. Qf3 f5 20. Qh5+ Kg8 21. Qxg6 Qf6 22. Qxf6 Rxf6 23. Nd5 Rf7 24. Nb6 Bd4+ 25. Kh1 Bb7 26. Bf4 Rg7 27. Bg3 Rf8 28. c3 bxc3 29. bxc3 Bxc3 30. Rab1 f4 31. Na4 Bd4 32. h3 fxg3 33. Rxf8+ Kxf8 34. Nb6 Rh7 0-1

[Event "Jersey op"]
[Site "St Clement Bay"]
[Date "2015.03.17"]
[Round "5"]
[White "Belzo, Krzysztof"]
[Black "Merry, Alan B"]
[Result "0-1"]
[WhiteElo "2031"]
[BlackElo "2333"]
[PlyCount "122"]
[EventDate "2015.03.15"]
[EventType "swiss"]
[EventRounds "9"]
[EventCountry "GCI"]
[SourceTitle "CBM 165 Extra"]
[Source "ChessBase"]
[SourceDate "2015.04.21"]
[SourceVersion "1"]
[SourceVersionDate "2015.04.21"]
[SourceQuality "1"]

1. c4 b6 2. Nc3 Bb7 3. Nf3 e6 4. d4 Bb4 5. Qb3 Qe7 6. a3 Bxc3+ 7. Qxc3 f5 8. d5 Nf6 9. Qe5 Na6 10. dxe6 0-0-0 11. Nd4 dxe6 12. Qxe6+ Qxe6 13. Nxe6 Rd7 14. b4 Re8 15. Ng5 h6 16. Nf3 c5 17. b5 Nc7 18. Bb2 Ne4 19. a4 g5 20. Rg1 Ne6 21. g4 fxg4 22. Ne5 Rd2 23. Bc1 Rc2 24. Nxg4 Rxc4 25. f3 Nc3 26. Nxh6 Nd4 27. e3 Nxf3+ 28. Kf2 Rh4 29. Nf5 Rxh2+ 30. Rg2 Rd8 31. Rxh2 Nxh2 32. Bg2 Rf8 33. Bxb7+ Kxb7 34. Kg2 Rxf5 35. Kxh2 Rf2+ 36. Kg3 Rc2 37. Kg4 Ne2 38. Ba3 Rc4+ 39. Kxg5 Rxa4 40. Re1 Nc3 41. Bb2 Ne4+ 42. Kf5 c4 43. Be5 Nf2 44. Rg1 Nd3 45. Rg7+ Kc8 46. Rg8+ Kd7 47. Rg7+ Kd8 48. Rg8+ Ke7 49. Rg7+ Kf8 50. Bc3 Ra3 51. Bd4 Ra5 52. Rc7 Rxb5+ 53. Kf6 Ke8 54. Rxc4 Kd7 55. e4 Rb1 56. e5 Rf1+ 57. Kg5 Nf4 58. Kf5 Ne6+ 59. Ke4 Rf4+ 60. Kd5 b5 61. Rb4 a5 0-1

[Event "Olympiad-41"]
[Site "Tromsoe"]
[Date "2014.08.11"]
[Round "9.3"]
[White "Su, Haifeng"]
[Black "Belzo, Krzysztof"]
[Result "1/2-1/2"]
[WhiteElo "1724"]
[BlackElo "2034"]
[PlyCount "62"]
[EventDate "2014.08.02"]
[EventType "team-swiss"]
[EventRounds "11"]
[EventCountry "NOR"]
[SourceTitle "CBM 162"]
[Source "ChessBase"]
[SourceDate "2014.09.17"]
[SourceVersion "1"]
[SourceVersionDate "2014.09.17"]
[SourceQuality "1"]
[WhiteTeam "Guyana"]
[BlackTeam "Jersey"]
[WhiteTeamCountry "GUY"]
[BlackTeamCountry "GCI"]

1. e4 c5 2. Nf3 Nc6 3. Bb5 g6 4. Bxc6 dxc6 5. d3 Bg7 6. h3 Nf6 7. Nc3 0-0 8. Be3 Qa5 9. Qd2 Rd8 10. 0-0 c4 11. Bh6 cxd3 12. Bxg7 Kxg7 13. cxd3 Qh5 14. Qe3 Qh6 15. Ne5 Qxe3 16. fxe3 Be6 17. d4 Ne8 18. d5 cxd5 19. exd5 Bxd5 20. Nxd5 Rxd5 21. Rxf7+ Kg8 22. Rxe7 Kf8 23. Re6 Ng7 24. Rf1+ Kg8 25. Ng4 Nxe6 26. Nf6+ Kg7 27. Nxd5 Rd8 28. Nf4 Nxf4 29. exf4 Kf6 30. Rf2 Rd4 31. g3 a5 1/2-1/2